| 000 | 01122nam a22003377i 4500 | ||
|---|---|---|---|
| 003 | EG-GICUC | ||
| 005 | 20260121101446.0 | ||
| 008 | 251209s1965 fr ||||fr|||| 00| 0 fre d | ||
| 040 |
_aEG-GiCUC _bfre _cEG-GiCUC _dEG-GiCUC _eRda |
||
| 041 | _afre | ||
| 082 | 0 | 4 |
_221 _a341.851 _bFO . A |
| 092 | 0 | 4 | _221 |
| 099 | _aLaw1 12 341.851 FO . A 1965 | ||
| 100 | 1 |
_aFouchard, Philippe , _eAuteur |
|
| 245 | 1 | 2 |
_aL'arbitrage commercial international / _cpar Philippe Fouchard ; Préface de B. Goldman. |
| 264 | 1 |
_aParis : _bDalloz, _c1965. |
|
| 300 |
_ax, 611 pages ; _c 24 cm. |
||
| 336 |
_2rda contenu _a texte |
||
| 337 |
_2rda medias _aOrdinateur |
||
| 338 |
_2 transporteur rda _a Ressource en ligne |
||
| 490 | 0 |
_aBibliothèque de droit international privé ; _vv. 2. |
|
| 500 | _aIncludes index. | ||
| 504 | _aBibliography: pages 561-571. | ||
| 546 | _aTexte en français | ||
| 650 | 1 | 4 |
_aArbitrage international (Droit) _2qrmak |
| 651 | 1 | _2qrmak | |
| 700 | 1 |
_aGoldman, B. , _ePréfacier |
|
| 856 | 4 | 0 | _uhttps://fll.law.cu.edu.eg/fulltext/bks/B11-05623.pdf |
| 905 |
_a75 _eHassnaa |
||
| 942 |
_2ddc _cBK _e21 _n0 |
||
| 999 |
_c49443 _d49443 |
||